000 00974nam a2200301 i 4500
001 000028184
003 DO-SdBNP
005 20251125102612.0
007 ta
008 110407s2011 dr 000 0 spa d
020 _a9789945163964
040 _aDO-SdBNP
_bspa
_cBNPHU
_erda
041 _aspa
082 _axxxx
_bA473i, 2011
_222
100 1 _aÁlvarez, Eduardo
_eautor
_936762
245 1 3 _aLa imagén no lo es todo /
_cEduardo Álvarez.
250 _aSegunda edición corregida y ampliada
264 _aSanto Domingo :
_bBúho,
_c2011.
300 _a203 páginas :
_c21 cm.
336 _ardacontent
_btexto
_2txt
337 _ardamedia
_bsin mediación
_2n
338 _ardacarrier
_bvolumen
_2nc
500 _aIncluye datos biográficos del autor.
505 1 2 _tPresentación --
_tLa imagen --
_tLa calle --
_tDe donde vengo --
_tCompromisos y propuestas --
_tVientos del Este
_tEl autor /
590 _aInventariado, 2020/ YL
910 _aYL
942 _2ddc
_cLBS1
999 _c49014
_d49014